| 000 | 01187nam0a22003011 4500 | ||
|---|---|---|---|
| 001 | rc\2813820 | ||
| 005 | 20250805160813.4 | ||
| 035 | _a(NLR Aleph) 006939616 | ||
| 090 |
_a37594 _c37594 |
||
| 100 | _a20110915d1945 u y0rusy50 ca | ||
| 101 | 0 | _arus | |
| 102 | _aRU | ||
| 105 | _aa z |||a| | ||
| 200 | 1 |
_aБасни _fИ. А. Крылов _g[Вступ. статья: проф. Д. Д. Благой. "Великий рус. баснописец"] _g[Ил. Д. Митрохин] |
|
| 210 |
_aМосква _aЛенинград _cВоенмориздат _d1945 |
||
| 215 |
_a120 с. _cил. _d15 см. |
||
| 225 | 1 | _aБиблиотека краснофлотца | |
| 700 | 1 |
_aКрылов _bИ. А. _cбаснописец _f1769-1844 _gИван Андреевич _3RU\NLR\AUTH\772707 _4070 |
|
| 702 | 1 |
_aМитрохин _bД. И. _f1883-1973 _gДмитрий Исидорович _3RU\NLR\auth\7768709 _4440 |
|
| 702 | 1 |
_aБлагой _bД.Д. _4080 |
|
| 801 | 0 |
_aRU _bNLR _gpsbo |
|
| 801 | 1 |
_aRU _bELAR _2rusmarc |
|
| 852 |
_aNLR _jЛ30 Г-1/568 |
||
| 942 | _cBOOK | ||
| 945 | _aРоссийская национальная библиотека | ||
| 980 | _aNB | ||
| 980 | _aBV | ||